000 00471nam a2200205Ia 4500
003 OSt
005 20221005130730.0
006 a|||||r|||| 00| 0
007 ta
008 221004b |||||||| |||| 00| 0 eng d
024 _a34735
037 _cTextual
040 _aCRL
_cCRL
_beng
041 _2eng
_aeng
100 _aVivekananda
_939405
245 0 _aSalvation and service
260 _c1949
942 _cTEXL
_2cc
999 _c1058216
_d1058216